000 00509nam a2200133 a 4500
008 120416s1974 ||||||||||||||||| || u
050 _aHB 199 Her
100 _aHerfindahl, Orris Clemens
245 1 0 _aEconomic theory of natural resources
260 _aColumbus, Ohio
_bC. E. Merrill
_c1974
300 _ax, 405p. : ill.
350 _a0.00
995 _D0.00
_FCBU-MAIN LIBRARY (Kitwe)
_H1
_I0.00
_M1
_UAVAILABLE
_WOct 12, 2006
_ZAnnex Low-Usage Collection
999 _c40935
_d40935